| 000 -CABECERA |
| fixed length control field |
02391nam a22003377a 4500 |
| 003 - IDENTIFICADOR DEL NÚMERO DE CONTROL |
| control field |
AR-CdUCM |
| 008 - DATOS DE LONGITUD FIJA--INFORMACIÓN GENERAL |
| fixed length control field |
190425b ||||| |||| 00| 0 spa d |
| 040 ## - FUENTE DE LA CATALOGACIÓN |
| Agencia/entidad que catalogó originalmente la obra |
MUNICIPALIDAD PROVINCIAL DEL CUSCO |
| Entidad que transcribió la catalogación |
BIBLIOTECA MUNICIPAL DEL CUSCO |
| 082 ## - NÚMERO DE LA CLASIFICACIÓN DECIMAL DEWEY |
| No. de Clasificación |
Rev.Andi/N°41/2005 |
| 110 ## - ENTRADA PRINCIPAL--NOMBRE DE ENTIDAD CORPORATIVA |
| Nombre de la institución, jurisdicción como entrada principal |
Centro Bartolomé de Las Casas |
| 9 (RLIN) |
3293 |
| 245 ## - MENCIÓN DE TÍTULO |
| Título |
Revista andina / |
| Mención de responsabilidad |
Centro de estudios rurales andinos Bartolomé de Las Casas Cusco |
| 260 ## - PUBLICACIÓN, DISTRIBUCIÓN, ETC. |
| Lugar de publicación, distribución, etc. |
Cusco : |
| Nombre de la editorial, distribuidor, etc. |
Centro Bartolomé de Las Casas, |
| Fecha de publicación, distribución, etc. |
2005. |
| 300 ## - DESCRIPCIÓN FÍSICA |
| Nº de Páginas Extensión |
261 páginas. : |
| Dimensiones |
23 cm. |
| 440 ## - MENCIÓN DE SERIE/PUNTO DE ACCESO ADICIONAL--TÍTULO |
| Título |
Publicación Semestral del Centro Bartolomé de Las Casas Cusco. |
| Número de la parte/sección de una obra |
Número 41, Segundo semestre 2005. |
| 9 (RLIN) |
46471 |
| 505 ## - NOTA DE CONTENIDO CON FORMATO |
| Nota de contenido formateada |
Contenido: La adscripción étnica de los pueblos andinos de Chile analizada a través de las cifras censales de 1992 y 2002. Hans Gundermann. -- La representación del animu en los Andes del sur peruano. Palmira La Riva González. -- Una cuestión dentro de la cuestión: el nacionalismo y la cuestión indígena en el sur del Perú, 1900-1930. William E. Skuban. -- Devoción cristiana, uniones consagradas y elecciones materiales en la construcción de identidades indígenas urbanas. Charcas, 1550-1650. Ana María Presta. --En defensa del pacto tributario. Los indígenas bolivianos frente al proyecto liberal: S. XIX. Pilar Mendieta Parada. -- Cambio y continuidad en la arquitectura ceremonial ayacuchana de los Períodos Intermedio Temprano y Horizonte Medio. Juan B. Leoni. -- Interrelaciones entre invasores de tierras y propietarios en el Cuzco contemporáneo. Centro de Investigaciones Multidisciplinarias Ruasun. -- Machu Picchu un rompecabezas para armar. Mariana Mould de Pease. -- Algunas reflexiones en torno al estudio de las unidades domésticas en la arqueología Humahuaca Jujuy-Argentina. María Clara Rivolta. |
| 650 ## - PUNTO DE ACCESO ADICIONAL DE MATERIA--TÉRMINO DE MATERIA |
| Descriptor |
Machupicchu |
| 9 (RLIN) |
1751 |
| 650 ## - PUNTO DE ACCESO ADICIONAL DE MATERIA--TÉRMINO DE MATERIA |
| Descriptor |
Arquitectura ayacuchana |
| 9 (RLIN) |
46472 |
| 650 ## - PUNTO DE ACCESO ADICIONAL DE MATERIA--TÉRMINO DE MATERIA |
| Descriptor |
Nacionalismo |
| 9 (RLIN) |
2901 |
| 650 ## - PUNTO DE ACCESO ADICIONAL DE MATERIA--TÉRMINO DE MATERIA |
| Descriptor |
Pueblos andinos |
| 9 (RLIN) |
46473 |
| 700 ## - PUNTO DE ACCESO ADICIONAL--NOMBRE DE PERSONA |
| Nombre Personal |
Gundermann, Hans |
| 9 (RLIN) |
46474 |
| 700 ## - PUNTO DE ACCESO ADICIONAL--NOMBRE DE PERSONA |
| Nombre Personal |
La Riva González, Palmira |
| 9 (RLIN) |
46475 |
| 700 ## - PUNTO DE ACCESO ADICIONAL--NOMBRE DE PERSONA |
| Nombre Personal |
Skuban, William |
| 9 (RLIN) |
46476 |
| 700 ## - PUNTO DE ACCESO ADICIONAL--NOMBRE DE PERSONA |
| Nombre Personal |
Presta, Ana María |
| 9 (RLIN) |
46477 |
| 700 ## - PUNTO DE ACCESO ADICIONAL--NOMBRE DE PERSONA |
| Nombre Personal |
Mendieta Parada, Pilar |
| 9 (RLIN) |
46478 |
| 700 ## - PUNTO DE ACCESO ADICIONAL--NOMBRE DE PERSONA |
| Nombre Personal |
Leoni, Juan |
| 9 (RLIN) |
46479 |
| 700 ## - PUNTO DE ACCESO ADICIONAL--NOMBRE DE PERSONA |
| Nombre Personal |
Mould de Pease, Mariana |
| 9 (RLIN) |
7113 |
| 700 ## - PUNTO DE ACCESO ADICIONAL--NOMBRE DE PERSONA |
| Nombre Personal |
María Clara, Rivolta |
| 9 (RLIN) |
46480 |
| 942 ## - ELEMENTOS DE PUNTO DE ACCESO ADICIONAL (KOHA) |
| Fuente de clasificación |
|
| Tipo de item |
Revistas cusqueñas |
| 945 ## - PROCESAMIENTO DE INFORMACIÓN LOCAL (OCLC) |
| Catalogador |
rac |